| 000 | 00439nam a2200169Ia 4500 | ||
|---|---|---|---|
| 005 | 20250319011851.0 | ||
| 008 | 240331s9999 xx 000 0 und d | ||
| 020 | _a0415902002 | ||
| 082 |
_a160 _bNYE _23795 |
||
| 100 | _aNye, A | ||
| 245 | 0 |
_aWords of Power: _bA Feminist Reading of the History of Logic |
|
| 260 |
_aLondon; _aNew York, _bRoutledge _c1990 |
||
| 300 | _axiii, 190 p., | ||
| 650 | _aFeminism | ||
| 650 | _aHistory | ||
| 942 | _cL | ||
| 999 |
_c759 _d759 |
||